000 00335nam a22001451a 4500
082 _aGAN 181.4
_bGAN/P
100 _aGandhi M K
245 _aPath way to God/
_cby Gandhi M K
260 _aAhmedabad:
_bNavajivan,
_c1996.
300 _a74p.
650 _aGandhiana
650 _aPhilosophy India
650 _aPhilosophy
942 _cBK
999 _c33814
_d33814